000 01109 a2200325 4500
999 _c200421647
_d5961
001 200421647
003 TR-AnTOB
005 20241010145854.0
008 150731s2015 tu 000 0
020 _a9786051522067
040 _aTR-AnTOB
_btur
_erda
_cTR-AnTOB
041 0 _atur
050 0 0 _aKKX1040
_b.M67 2015
090 _aKKX1040 .M67 2015
100 1 _aMoroğlu, Erdoğan
_934378
245 1 0 _aAnonim ortaklıklarda sermaye artırımı /
_cErdoğan Moroğlu.
250 _aGenişletilmiş ve güncelleştirilmiş 3. baskı
264 _aİstanbul :
_bOn İki Levha Yayıncılık,
_c2015.
300 _axxxviii, 458 pages ;
_c23 cm.
336 _atext
_2rdacontent
_btxt
337 _aunmediated
_2rdamedia
_bn
338 _avolume
_2rdacarrier
_bnc
490 0 _aOn İki Levha Yayınları ;
_v474
650 0 0 _aCooperative societies
_xLaw and legislation
_zTurkey
_918322
650 0 7 _aKooperatifler
_xHukuk ve mevzuat
_zTürkiye
_2etuturkob
_918321
650 0 7 _aŞirketler hukuku
_zTürkiye
_2etuturkob
_9107934
650 0 0 _aCorporation law
_zTurkey
_990066
942 _cBK
_2lcc